00853cam a2200217 a 4500999001700000008004100017010001700058020002700075050002000102100002400122245011100146250001200257260004000269300006200309504005100371650003000422650001500452650001600467942003200483952012000515 c16746d16746950619s1996 paua b 001 0 eng c a 95032143  a0397551649 (hardcover)00aRB113 .B85 19961 aBullock, Barbara L.10aPathophysiology :badaptations and alterations in function /cBarbara L. Bullock ; with nine contributors. a4th ed. aPhiladelphia :bLippincott,cc1996. axxi, 1272 p. :bill. (some col.) ;c29 cm. +efloppy disk aIncludes bibliographical references and index. 0aPhysiology, Pathological.12aPathology.12aPhysiology. 2lcccBOOKShRB113 .B85 1996 00102lcc4070aMUCbMUCcGENd2016-11-16eDonation(BFA)l0oRB113 .B85 1996p28084r2019-05-30w2016-11-16yBOOKS